[Event "Team Championship of Russia (rapid)"]
[Site "Sochi"]
[Date "2015.05.09"]
[Round "7.33"]
[White "Glek, Igor"]
[Black "Triapishko, Olexandr"]
[Result "1-0"]
[LiveChessVersion "1.4.4"]
[BlackElo "2544"]
[WhiteElo "2551"]
[BlackTeam "Crimea"]
[WhiteTeam "Academy Glek"]

1. e4 {[%clk 0:14:37]} c5 {[%clk 0:14:54]} 2. Nf3 {[%clk 0:14:46]} e6
{[%clk 0:15:00]} 3. d3 {[%clk 0:14:55]} Nc6 {[%clk 0:14:29]} 4. g3
{[%clk 0:15:03]} g6 {[%clk 0:12:09]} 5. Bg5 {[%clk 0:15:12]} Qb6 {[%clk 0:10:54]}
6. Qc1 {[%clk 0:14:51]} Bg7 {[%clk 0:10:46]} 7. c3 {[%clk 0:15:00]} h6
{[%clk 0:10:04]} 8. Be3 {[%clk 0:15:08]} d5 {[%clk 0:09:42]} 9. exd5
{[%clk 0:11:51]} exd5 {[%clk 0:09:49]} 10. Bg2 {[%clk 0:11:59]} Nge7
{[%clk 0:08:09]} 11. Nbd2 {[%clk 0:12:03]} Nf5 {[%clk 0:06:38]} 12. Nb3
{[%clk 0:12:11]} d4 {[%clk 0:06:41]} 13. cxd4 {[%clk 0:12:06]} cxd4
{[%clk 0:06:48]} 14. Bd2 {[%clk 0:12:10]} O-O {[%clk 0:06:31]} 15. O-O
{[%clk 0:12:18]} g5 {[%clk 0:05:00]} 16. Nc5 {[%clk 0:11:54]} Qd8
{[%clk 0:03:25]} 17. b4 {[%clk 0:11:31]} Rb8 {[%clk 0:03:03]} 18. b5
{[%clk 0:11:34]} Nce7 {[%clk 0:03:01]} 19. Qa3 {[%clk 0:11:42]} Ra8
{[%clk 0:02:35]} 20. Rab1 {[%clk 0:11:28]} Nd5 {[%clk 0:02:36]} 21. Ne4
{[%clk 0:10:07]} g4 {[%clk 0:02:18]} 22. Ne1 {[%clk 0:10:10]} b6 {[%clk 0:02:16]}
23. Nc2 {[%clk 0:09:57]} Bb7 {[%clk 0:01:44]} 24. Nb4 {[%clk 0:09:44]} Re8
{[%clk 0:01:46]} 25. Nc6 {[%clk 0:09:42]} Qd7 {[%clk 0:01:44]} 26. Rfc1
{[%clk 0:08:37]} a6 {[%clk 0:01:48]} 27. Qb3 {[%clk 0:07:20]} axb5
{[%clk 0:01:49]} 28. Qxd5 {[%clk 0:07:06]} Qxd5 {[%clk 0:01:56]} 29. Nf6+
{[%clk 0:07:15]} Bxf6 {[%clk 0:02:05]} 30. Bxd5 {[%clk 0:07:24]} Ne7
{[%clk 0:01:59]} 31. Nxe7+ {[%clk 0:07:06]} Rxe7 {[%clk 0:02:08]} 32. Bxb7
{[%clk 0:07:10]} Rxb7 {[%clk 0:02:16]} 33. Bxh6 {[%clk 0:06:56]} Kh7
{[%clk 0:01:52]} 34. Bf4 {[%clk 0:07:01]} Rxa2 {[%clk 0:01:38]} 35. Rc6
{[%clk 0:06:50]} Kg7 {[%clk 0:00:42]} 36. Rxb5 {[%clk 0:06:47]} Ra5
{[%clk 0:00:43]} 37. Rb3 {[%clk 0:04:50]} Ra1+ {[%clk 0:00:19]} 38. Kg2
{[%clk 0:04:59]} b5 {[%clk 0:00:20]} 39. Bh6+ {[%clk 0:04:36]} Kxh6
{[%clk 0:00:16]} 40. Rxf6+ {[%clk 0:04:44]} Kg5 {[%clk 0:00:21]} 41. Rd6
{[%clk 0:04:52]} Ra4 {[%clk 0:00:17]} 42. h3 {[%clk 0:04:32]} gxh3+
{[%clk 0:00:26]} 43. Kxh3 {[%clk 0:04:42]} Rb8 {[%clk 0:00:28]} 44. Kg2
{[%clk 0:03:45]} f6 {[%clk 0:00:31]} 45. Kf3 {[%clk 0:03:50]} Kg6
{[%clk 0:00:37]} 46. Rd5 {[%clk 0:03:17]} b4 {[%clk 0:00:38]} 47. Rxd4
{[%clk 0:02:17]} Ra3 {[%clk 0:00:43]} 48. Rxa3 {[%clk 0:02:25]} bxa3
{[%clk 0:00:52]} 49. Ra4 {[%clk 0:02:35]} Rb3 {[%clk 0:00:51]} 50. Ke3
{[%clk 0:02:42]} Kf5 {[%clk 0:00:48]} 51. f3 {[%clk 0:02:29]} Ke5
{[%clk 0:00:32]} 52. Ra6 {[%clk 0:01:49]} f5 {[%clk 0:00:30]} 53. Ra5+
{[%clk 0:01:58]} Ke6 {[%clk 0:00:29]} 54. f4 {[%clk 0:01:46]} Kf6
{[%clk 0:00:29]} 55. Ra6+ {[%clk 0:01:55]} Kf7 {[%clk 0:00:32]} 56. Kd4
{[%clk 0:02:04]} Rb4+ {[%clk 0:00:17]} 57. Kc3 {[%clk 0:02:06]} Rb2
{[%clk 0:00:26]} 58. Rxa3 {[%clk 0:02:07]} Rg2 {[%clk 0:00:34]} 59. Kd4
{[%clk 0:02:16]} Kg6 {[%clk 0:00:25]} 60. Ra6+ {[%clk 0:02:20]} Kh5
{[%clk 0:00:17]} 61. Rf6 {[%clk 0:02:11]} Kg4 {[%clk 0:00:18]} 62. Rg6+
{[%clk 0:02:17]} Kf3 {[%clk 0:00:27]} 63. Ke5 {[%clk 0:02:23]} Rd2
{[%clk 0:00:17]} 64. d4 {[%clk 0:02:20]} Ke3 {[%clk 0:00:22]} 65. d5
{[%clk 0:02:29]} 1-0

[Event "Team Championship of Russia (rapid)"]
[Site "Sochi"]
[Date "2015.05.09"]
[Round "7.34"]
[White "Shemeakin, Alexander"]
[Black "Sychev, Klementy"]
[Result "1/2-1/2"]
[LiveChessVersion "1.4.4"]
[BlackElo "2400"]
[WhiteElo "2559"]
[BlackTeam "Academy Glek"]
[WhiteTeam "Crimea"]

1. d4 {[%clk 0:15:18]} d5 {[%clk 0:15:19]} 2. c4 {[%clk 0:15:26]} c6
{[%clk 0:15:27]} 3. Nf3 {[%clk 0:15:34]} Nf6 {[%clk 0:15:36]} 4. Nc3
{[%clk 0:15:43]} a6 {[%clk 0:15:45]} 5. Ne5 {[%clk 0:15:43]} dxc4
{[%clk 0:15:32]} 6. Nxc4 {[%clk 0:15:47]} b5 {[%clk 0:15:40]} 7. Ne5
{[%clk 0:15:29]} Bb7 {[%clk 0:15:49]} 8. Bg5 {[%clk 0:13:13]} e6 {[%clk 0:14:39]}
9. e3 {[%clk 0:13:09]} Be7 {[%clk 0:14:42]} 10. Be2 {[%clk 0:12:20]} Nbd7
{[%clk 0:13:17]} 11. Bf3 {[%clk 0:11:19]} Nxe5 {[%clk 0:11:17]} 12. dxe5
{[%clk 0:11:24]} Nd7 {[%clk 0:10:05]} 13. Bf4 {[%clk 0:09:46]} Qc7
{[%clk 0:10:08]} 14. O-O {[%clk 0:08:53]} Nxe5 {[%clk 0:09:07]} 15. a4
{[%clk 0:07:07]} Rd8 {[%clk 0:06:57]} 16. Bxe5 {[%clk 0:06:14]} Qxe5
{[%clk 0:07:05]} 17. Qc2 {[%clk 0:06:13]} O-O {[%clk 0:04:23]} 18. Rfc1
{[%clk 0:05:31]} Bf6 {[%clk 0:03:39]} 19. Rab1 {[%clk 0:02:52]} Rd7
{[%clk 0:02:35]} 20. Ne4 {[%clk 0:03:00]} Be7 {[%clk 0:02:25]} 21. b4
{[%clk 0:03:00]} Rfd8 {[%clk 0:02:22]} 22. g3 {[%clk 0:02:44]} h6
{[%clk 0:01:37]} 23. Kg2 {[%clk 0:02:51]} Kh8 {[%clk 0:00:44]} 24. h4
{[%clk 0:02:06]} Kg8 {[%clk 0:00:50]} 25. a5 {[%clk 0:02:01]} Kh8
{[%clk 0:00:34]} 26. Nc5 {[%clk 0:01:54]} Bxc5 {[%clk 0:00:20]} 27. Qxc5
{[%clk 0:02:02]} Qxc5 {[%clk 0:00:29]} 28. Rxc5 {[%clk 0:02:10]} Rd6
{[%clk 0:00:35]} 29. Rbc1 {[%clk 0:02:16]} Rc8 {[%clk 0:00:43]} 30. g4
{[%clk 0:02:13]} Kg8 {[%clk 0:00:49]} 31. Kg3 {[%clk 0:02:20]} Kf8
{[%clk 0:00:59]} 32. Bg2 {[%clk 0:02:29]} Ke7 {[%clk 0:01:07]} 33. f4
{[%clk 0:02:38]} Rd3 {[%clk 0:00:38]} 34. R1c3 {[%clk 0:02:44]} Rxc3
{[%clk 0:00:38]} 35. Rxc3 {[%clk 0:02:53]} Kd6 {[%clk 0:00:45]} 36. e4
{[%clk 0:03:02]} Kc7 {[%clk 0:00:52]} 37. f5 {[%clk 0:01:40]} e5 {[%clk 0:00:50]}
38. g5 {[%clk 0:01:28]} hxg5 {[%clk 0:00:56]} 39. hxg5 {[%clk 0:01:37]} Rd8
{[%clk 0:01:05]} 40. Kg4 {[%clk 0:01:12]} Rd4 {[%clk 0:01:09]} 41. Rh3
{[%clk 0:01:20]} Rd8 {[%clk 0:00:55]} 42. Rh7 {[%clk 0:01:28]} Rg8
{[%clk 0:01:04]} 43. f6 {[%clk 0:01:36]} Bc8+ {[%clk 0:00:53]} 44. Kh5
{[%clk 0:01:39]} g6+ {[%clk 0:00:51]} 45. Kh4 {[%clk 0:01:43]} Be6
{[%clk 0:01:01]} 46. Bh3 {[%clk 0:01:20]} Kd6 {[%clk 0:00:53]} 47. Kg3
{[%clk 0:01:12]} Bxh3 {[%clk 0:00:41]} 48. Rxh3 {[%clk 0:00:52]} Ke6
{[%clk 0:00:50]} 49. Kf2 {[%clk 0:00:51]} Rd8 {[%clk 0:00:40]} 50. Rc3
{[%clk 0:00:59]} Rd6 {[%clk 0:00:48]} 51. Ke3 {[%clk 0:01:04]} Kd7
{[%clk 0:00:39]} 52. Rc5 {[%clk 0:01:09]} Re6 {[%clk 0:00:37]} 53. Rc1
{[%clk 0:00:58]} Re8 {[%clk 0:00:24]} 54. Rd1+ {[%clk 0:00:48]} Kc7
{[%clk 0:00:28]} 55. Rh1 {[%clk 0:00:43]} Rd8 {[%clk 0:00:23]} 56. Rh7
{[%clk 0:00:47]} Rf8 {[%clk 0:00:33]} 57. Rh1 {[%clk 0:00:51]} Rd8
{[%clk 0:00:17]} 58. Rh7 Rf8 59. Rh1 {[%clk 0:01:08]} Kd7 {[%clk 0:00:22]} 60.
Rd1+ {[%clk 0:00:53]} Ke6 {[%clk 0:00:24]} 61. Rc1 {[%clk 0:00:53]} Rc8
{[%clk 0:00:22]} 62. Rc2 {[%clk 0:00:59]} Rc7 {[%clk 0:00:34]} 63. Rc1
{[%clk 0:01:08]} Rc8 64. Rc2 Kd7 {[%clk 0:00:33]} 65. Rd2+ {[%clk 0:01:15]} Kc7
{[%clk 0:00:39]} 66. Rh2 {[%clk 0:01:23]} Rf8 {[%clk 0:00:44]} 67. Rh1
{[%clk 0:01:11]} Kc8 {[%clk 0:00:28]} 68. Rc1 {[%clk 0:01:14]} Kc7
{[%clk 0:00:34]} 69. Rh1 {[%clk 0:01:23]} Kc8 {[%clk 0:00:23]} 70. Rc1
{[%clk 0:01:31]} Kd7 {[%clk 0:00:32]} 71. Rd1+ {[%clk 0:01:40]} Ke6
{[%clk 0:00:36]} 72. Rc1 {[%clk 0:01:49]} Rc8 {[%clk 0:00:41]} 73. Rc2
{[%clk 0:01:57]} Rc7 {[%clk 0:00:40]} 74. Rc1 {[%clk 0:02:07]} 1/2-1/2

[Event "Team Championship of Russia (rapid)"]
[Site "Sochi"]
[Date "2015.05.09"]
[Round "7.35"]
[White "Alikulov, Elbek"]
[Black "Alexeev, Alexey"]
[Result "0-1"]
[LiveChessVersion "1.4.4"]
[BlackElo "2416"]
[WhiteElo "2357"]
[BlackTeam "Crimea"]
[WhiteTeam "Academy Glek"]

1. e4 {[%clk 0:15:18]} e5 {[%clk 0:15:18]} 2. Nf3 {[%clk 0:15:25]} Nc6
{[%clk 0:15:27]} 3. Bb5 {[%clk 0:15:34]} Nge7 {[%clk 0:15:35]} 4. c3
{[%clk 0:15:38]} a6 {[%clk 0:15:31]} 5. Ba4 {[%clk 0:15:47]} g6 {[%clk 0:15:39]}
6. d4 {[%clk 0:15:55]} exd4 {[%clk 0:15:41]} 7. cxd4 {[%clk 0:16:04]} Bg7
{[%clk 0:15:47]} 8. d5 {[%clk 0:16:05]} Na5 {[%clk 0:15:51]} 9. Bd2
{[%clk 0:14:52]} Bxb2 {[%clk 0:15:44]} 10. Bxa5 {[%clk 0:14:57]} Bxa1
{[%clk 0:15:42]} 11. d6 {[%clk 0:12:59]} Nc6 {[%clk 0:15:40]} 12. Bxc7
{[%clk 0:12:10]} Qf6 {[%clk 0:15:35]} 13. O-O {[%clk 0:12:06]} b5
{[%clk 0:15:10]} 14. Bb3 {[%clk 0:12:01]} O-O {[%clk 0:14:42]} 15. Na3
{[%clk 0:11:08]} Bb2 {[%clk 0:14:25]} 16. Nc2 {[%clk 0:11:14]} Bb7
{[%clk 0:14:19]} 17. Bd5 {[%clk 0:10:56]} Rae8 {[%clk 0:14:10]} 18. Ne3
{[%clk 0:10:55]} Ba8 {[%clk 0:13:34]} 19. Qd2 {[%clk 0:09:07]} h5
{[%clk 0:13:27]} 20. h4 {[%clk 0:08:24]} Bc3 {[%clk 0:12:30]} 21. Qc1
{[%clk 0:08:34]} Nd4 {[%clk 0:12:02]} 22. Nxd4 {[%clk 0:07:14]} Bxd4
{[%clk 0:12:04]} 23. Bxa8 {[%clk 0:07:01]} Rxa8 {[%clk 0:11:57]} 24. Nd5
{[%clk 0:06:36]} Qxh4 {[%clk 0:10:47]} 25. Qh6 {[%clk 0:05:07]} Rae8
{[%clk 0:10:39]} 26. Ne7+ {[%clk 0:03:54]} Rxe7 {[%clk 0:10:45]} 27. dxe7
{[%clk 0:04:03]} Qxe7 {[%clk 0:10:47]} 28. Qf4 {[%clk 0:03:47]} Re8
{[%clk 0:10:25]} 29. Rd1 {[%clk 0:03:09]} Be5 {[%clk 0:05:48]} 30. Bxe5
{[%clk 0:02:59]} Qxe5 {[%clk 0:05:57]} 31. Qd2 {[%clk 0:02:59]} Qxe4
{[%clk 0:05:29]} 32. Qxd7 {[%clk 0:03:07]} Qe6 {[%clk 0:05:32]} 33. Qd2
{[%clk 0:03:10]} h4 {[%clk 0:05:26]} 34. Qb2 {[%clk 0:01:32]} h3 {[%clk 0:05:24]}
35. Rd3 {[%clk 0:01:26]} Qe1+ {[%clk 0:04:59]} 36. Kh2 {[%clk 0:01:34]} hxg2
{[%clk 0:04:59]} 37. Kxg2 {[%clk 0:01:23]} Qe4+ {[%clk 0:04:55]} 38. Rf3
{[%clk 0:01:25]} Re5 {[%clk 0:04:58]} 39. Qd2 {[%clk 0:00:14]} Rf5
{[%clk 0:04:46]} 40. Qd8+ {[%clk 0:00:18]} Kg7 {[%clk 0:04:53]} 41. Qd3
{[%clk 0:00:12]} Qxf3+ {[%clk 0:04:51]} 0-1

[Event "Team Championship of Russia (rapid)"]
[Site "Sochi"]
[Date "2015.05.09"]
[Round "7.36"]
[White "Vasilevich, Tatjana"]
[Black "Alagulian, Kamo"]
[Result "1-0"]
[LiveChessVersion "1.4.4"]
[BlackElo "2294"]
[WhiteElo "2268"]
[WhiteTeam "Crimea"]

1. d4 {[%clk 0:15:19]} Nf6 {[%clk 0:15:19]} 2. c4 {[%clk 0:15:28]} c5
{[%clk 0:15:28]} 3. d5 {[%clk 0:15:37]} e6 {[%clk 0:15:38]} 4. Nc3
{[%clk 0:15:45]} exd5 {[%clk 0:15:47]} 5. cxd5 {[%clk 0:15:54]} d6
{[%clk 0:15:56]} 6. e4 {[%clk 0:16:03]} g6 {[%clk 0:16:05]} 7. f3
{[%clk 0:16:12]} Bg7 {[%clk 0:16:13]} 8. Be3 {[%clk 0:16:21]} a6 {[%clk 0:16:22]}
9. a4 {[%clk 0:16:30]} O-O {[%clk 0:16:12]} 10. Nge2 {[%clk 0:16:39]} Nbd7
{[%clk 0:16:18]} 11. Ng3 {[%clk 0:16:47]} Rb8 {[%clk 0:16:19]} 12. Be2
{[%clk 0:16:49]} Re8 {[%clk 0:15:40]} 13. O-O {[%clk 0:16:48]} h5
{[%clk 0:12:40]} 14. Qd2 {[%clk 0:16:53]} Nh7 {[%clk 0:12:25]} 15. Rfd1
{[%clk 0:15:56]} Ne5 {[%clk 0:12:17]} 16. h3 {[%clk 0:15:14]} h4 {[%clk 0:07:36]}
17. Nh1 {[%clk 0:15:22]} g5 {[%clk 0:07:20]} 18. Rab1 {[%clk 0:15:11]} f5
{[%clk 0:07:02]} 19. b4 {[%clk 0:14:43]} f4 {[%clk 0:04:36]} 20. Bf2
{[%clk 0:14:51]} c4 {[%clk 0:03:53]} 21. b5 {[%clk 0:14:32]} Bd7 {[%clk 0:03:37]}
22. Bd4 {[%clk 0:13:56]} Nf6 {[%clk 0:03:25]} 23. bxa6 {[%clk 0:12:51]} bxa6
{[%clk 0:03:32]} 24. Rxb8 {[%clk 0:12:59]} Qxb8 {[%clk 0:03:39]} 25. Rb1
{[%clk 0:13:07]} Qc8 {[%clk 0:03:26]} 26. Rb6 {[%clk 0:13:06]} Bxh3
{[%clk 0:01:51]} 27. gxh3 {[%clk 0:11:16]} Qxh3 {[%clk 0:01:48]} 28. Bxe5
{[%clk 0:10:28]} Rxe5 {[%clk 0:00:58]} 29. Bd1 {[%clk 0:08:15]} Qc8
{[%clk 0:00:26]} 30. Rc6 {[%clk 0:08:21]} Qb7 {[%clk 0:00:20]} 31. Nf2
{[%clk 0:08:22]} Ne8 {[%clk 0:00:14]} 32. Rxc4 {[%clk 0:07:51]} Re7
{[%clk 0:00:23]} 33. Kg2 {[%clk 0:07:34]} Rc7 {[%clk 0:00:32]} 34. Rxc7
{[%clk 0:06:00]} Qxc7 {[%clk 0:00:41]} 35. Ne2 {[%clk 0:05:02]} Qc5
{[%clk 0:00:15]} 36. Qc2 {[%clk 0:04:24]} Qe3 {[%clk 0:00:25]} 37. Qc8
{[%clk 0:03:31]} Kf8 {[%clk 0:00:18]} 38. Qf5+ {[%clk 0:03:36]} Kg8
{[%clk 0:00:26]} 39. Qxg5 {[%clk 0:03:35]} h3+ {[%clk 0:00:29]} 40. Nxh3
{[%clk 0:03:40]} Nf6 {[%clk 0:00:33]} 41. Qxf4 {[%clk 0:03:38]} Qd3
{[%clk 0:00:38]} 42. Nf2 {[%clk 0:03:42]} Qc4 {[%clk 0:00:42]} 43. Qxd6
{[%clk 0:03:34]} Nh5 {[%clk 0:00:50]} 44. Qe6+ {[%clk 0:03:35]} Kf8
{[%clk 0:00:53]} 45. Qf5+ {[%clk 0:03:40]} Nf6 {[%clk 0:01:02]} 46. Ng4
{[%clk 0:02:59]} Qd3 {[%clk 0:00:55]} 47. Nxf6 {[%clk 0:02:06]} Qxd1
{[%clk 0:01:04]} 48. Qc8+ {[%clk 0:01:50]} Ke7 {[%clk 0:01:11]} 49. Qe6+
{[%clk 0:01:54]} Kf8 {[%clk 0:01:20]} 50. Qe8# {[%clk 0:02:00]} 1-0

[Event "Team Championship of Russia (rapid)"]
[Site "Sochi"]
[Date "2015.05.09"]
[Round "8.1"]
[White "Nepomniachtchi, Ian"]
[Black "Chigaev, Maksim"]
[Result "1/2-1/2"]
[LiveChessVersion "1.4.4"]
[BlackElo "2562"]
[WhiteElo "2700"]
[WhiteTeam "SHSM-Our Heritage-1"]

1. e4 {[%clk 0:15:16]} c5 {[%clk 0:15:19]} 2. Nf3 {[%clk 0:15:25]} d6
{[%clk 0:15:28]} 3. d4 {[%clk 0:15:32]} cxd4 {[%clk 0:15:37]} 4. Qxd4
{[%clk 0:15:39]} Nf6 {[%clk 0:15:42]} 5. Bb5+ {[%clk 0:15:45]} Bd7
{[%clk 0:15:16]} 6. c4 {[%clk 0:15:53]} Nc6 {[%clk 0:15:21]} 7. Qd3
{[%clk 0:16:01]} g6 {[%clk 0:15:30]} 8. Nc3 {[%clk 0:16:09]} Bg7 {[%clk 0:15:38]}
9. O-O {[%clk 0:16:17]} O-O {[%clk 0:15:46]} 10. h3 {[%clk 0:16:26]} a6
{[%clk 0:15:55]} 11. Bxc6 {[%clk 0:16:34]} Bxc6 {[%clk 0:16:03]} 12. Nd4
{[%clk 0:16:42]} Rc8 {[%clk 0:16:10]} 13. Be3 {[%clk 0:16:51]} Nd7
{[%clk 0:16:17]} 14. Rac1 {[%clk 0:16:59]} Nc5 {[%clk 0:16:25]} 15. Qc2
{[%clk 0:17:08]} Ne6 {[%clk 0:16:34]} 16. Nxe6 {[%clk 0:17:03]} fxe6
{[%clk 0:16:42]} 17. Qb3 {[%clk 0:16:58]} Qe8 {[%clk 0:16:51]} 18. c5
{[%clk 0:14:38]} Qf7 {[%clk 0:16:50]} 19. cxd6 {[%clk 0:14:25]} exd6
{[%clk 0:16:58]} 20. Rcd1 {[%clk 0:14:34]} Bxc3 {[%clk 0:15:10]} 21. bxc3
{[%clk 0:14:40]} Bxe4 {[%clk 0:15:17]} 22. Rxd6 {[%clk 0:14:36]} Bd5
{[%clk 0:15:25]} 23. Qb2 {[%clk 0:12:27]} Qc7 {[%clk 0:13:55]} 24. Rb6
{[%clk 0:12:19]} Qxc3 {[%clk 0:13:57]} 25. a4 {[%clk 0:11:03]} Qxb2
{[%clk 0:13:44]} 26. Rxb2 {[%clk 0:11:11]} Rc4 {[%clk 0:13:42]} 27. a5
{[%clk 0:11:15]} Rfc8 {[%clk 0:13:50]} 28. Kh2 {[%clk 0:11:05]} Kf7
{[%clk 0:13:25]} 29. Ra1 {[%clk 0:11:11]} Rc2 {[%clk 0:12:50]} 30. Rxc2
{[%clk 0:11:13]} Rxc2 {[%clk 0:12:16]} 31. Rc1 {[%clk 0:11:21]} Rxc1
{[%clk 0:12:18]} 32. Bxc1 {[%clk 0:11:30]} e5 {[%clk 0:07:46]} 1/2-1/2

[Event "Team Championship of Russia (rapid)"]
[Site "Sochi"]
[Date "2015.05.09"]
[Round "8.2"]
[White "Levin, Evgeny A."]
[Black "Najer, Evgeniy"]
[Result "0-1"]
[LiveChessVersion "1.4.4"]
[BlackElo "2667"]
[WhiteElo "2609"]
[BlackTeam "SHSM-Our Heritage-1"]

1. d4 {[%clk 0:15:19]} d5 {[%clk 0:15:19]} 2. c4 {[%clk 0:15:27]} c6
{[%clk 0:15:28]} 3. Nf3 {[%clk 0:15:35]} Nf6 {[%clk 0:15:37]} 4. e3
{[%clk 0:15:44]} Bg4 {[%clk 0:15:46]} 5. Nc3 {[%clk 0:15:52]} e6 {[%clk 0:15:55]}
6. h3 {[%clk 0:16:00]} Bh5 {[%clk 0:16:04]} 7. g4 {[%clk 0:16:08]} Bg6
{[%clk 0:16:14]} 8. Ne5 {[%clk 0:16:16]} Nbd7 {[%clk 0:16:21]} 9. Nxg6
{[%clk 0:16:23]} hxg6 {[%clk 0:16:29]} 10. Bd2 {[%clk 0:16:14]} Bb4
{[%clk 0:16:26]} 11. Qb3 {[%clk 0:15:38]} a5 {[%clk 0:13:17]} 12. Bg2
{[%clk 0:13:21]} Nb6 {[%clk 0:09:12]} 13. cxd5 {[%clk 0:12:56]} Nfxd5
{[%clk 0:09:18]} 14. a3 {[%clk 0:12:04]} a4 {[%clk 0:09:18]} 15. Qa2
{[%clk 0:11:30]} Ba5 {[%clk 0:09:17]} 16. Ne4 {[%clk 0:10:13]} Bxd2+
{[%clk 0:09:09]} 17. Nxd2 {[%clk 0:10:04]} O-O {[%clk 0:09:06]} 18. Nf3
{[%clk 0:09:12]} c5 {[%clk 0:08:10]} 19. O-O {[%clk 0:08:27]} Rc8
{[%clk 0:07:40]} 20. Rac1 {[%clk 0:08:13]} Qe7 {[%clk 0:07:46]} 21. Qb1
{[%clk 0:07:44]} Nd7 {[%clk 0:07:28]} 22. Qd3 {[%clk 0:03:34]} cxd4
{[%clk 0:05:47]} 23. Nxd4 {[%clk 0:03:35]} Rc5 {[%clk 0:05:53]} 24. Rxc5
{[%clk 0:03:25]} Qxc5 {[%clk 0:05:59]} 25. Qb5 {[%clk 0:03:12]} Qxb5
{[%clk 0:06:03]} 26. Nxb5 {[%clk 0:03:21]} Rc8 {[%clk 0:06:05]} 27. Bxd5
{[%clk 0:03:11]} exd5 {[%clk 0:06:14]} 28. Nc3 {[%clk 0:02:57]} Nb6
{[%clk 0:03:46]} 29. Rd1 {[%clk 0:02:54]} Nc4 {[%clk 0:03:54]} 30. Nxa4
{[%clk 0:00:41]} b5 {[%clk 0:03:42]} 31. Nc3 {[%clk 0:00:47]} Nxb2
{[%clk 0:03:50]} 32. Rb1 {[%clk 0:00:13]} Rxc3 {[%clk 0:03:04]} 33. Rxb2
{[%clk 0:00:22]} d4 {[%clk 0:03:08]} 0-1

[Event "Team Championship of Russia (rapid)"]
[Site "Sochi"]
[Date "2015.05.09"]
[Round "8.3"]
[White "Grachev, Boris"]
[Black "Usmanov, Vasily"]
[Result "1-0"]
[LiveChessVersion "1.4.4"]
[BlackElo "2526"]
[WhiteElo "2665"]
[WhiteTeam "SHSM-Our Heritage-1"]

1. d4 {[%clk 0:15:19]} Nf6 {[%clk 0:15:17]} 2. Nf3 {[%clk 0:15:27]} e6
{[%clk 0:15:26]} 3. g3 {[%clk 0:14:49]} b5 {[%clk 0:15:03]} 4. Bg2
{[%clk 0:13:39]} Bb7 {[%clk 0:15:12]} 5. O-O {[%clk 0:13:46]} c5 {[%clk 0:15:09]}
6. b3 {[%clk 0:13:18]} Qb6 {[%clk 0:14:26]} 7. a4 {[%clk 0:12:56]} bxa4
{[%clk 0:13:56]} 8. Rxa4 {[%clk 0:12:43]} Bc6 {[%clk 0:13:51]} 9. Ra1
{[%clk 0:12:32]} cxd4 {[%clk 0:13:47]} 10. Bb2 {[%clk 0:11:54]} Bc5
{[%clk 0:13:26]} 11. Nxd4 {[%clk 0:10:52]} Bxg2 {[%clk 0:13:32]} 12. Kxg2
{[%clk 0:11:01]} Nc6 {[%clk 0:13:35]} 13. e3 {[%clk 0:10:32]} O-O
{[%clk 0:12:09]} 14. Ra4 {[%clk 0:10:23]} Bxd4 {[%clk 0:11:27]} 15. exd4
{[%clk 0:09:48]} d5 {[%clk 0:11:36]} 16. Nd2 {[%clk 0:08:46]} Rfc8
{[%clk 0:11:41]} 17. Qe2 {[%clk 0:08:09]} Nb4 {[%clk 0:10:24]} 18. c3
{[%clk 0:08:13]} Nc6 {[%clk 0:10:32]} 19. Ra6 {[%clk 0:07:45]} Qb7
{[%clk 0:10:40]} 20. Rfa1 {[%clk 0:07:54]} Nd7 {[%clk 0:10:26]} 21. Kg1
{[%clk 0:06:48]} Rab8 {[%clk 0:06:31]} 22. Qf3 {[%clk 0:05:03]} Qc7
{[%clk 0:04:17]} 23. b4 {[%clk 0:04:22]} Rb6 {[%clk 0:03:43]} 24. Nb3
{[%clk 0:04:08]} Rxa6 {[%clk 0:03:51]} 25. Rxa6 {[%clk 0:04:17]} Nb6
{[%clk 0:03:36]} 26. Nc5 {[%clk 0:04:11]} Nc4 {[%clk 0:03:38]} 27. Bc1
{[%clk 0:04:20]} Qb8 {[%clk 0:02:49]} 28. h4 {[%clk 0:03:53]} Qb5
{[%clk 0:02:57]} 29. Qg4 {[%clk 0:03:03]} Kh8 {[%clk 0:02:11]} 30. Bf4
{[%clk 0:02:09]} Re8 {[%clk 0:01:52]} 31. Qd1 {[%clk 0:01:50]} Nb6
{[%clk 0:01:43]} 32. Qf1 {[%clk 0:01:45]} Nc4 {[%clk 0:01:33]} 33. Qd1
{[%clk 0:01:48]} Nb6 {[%clk 0:01:40]} 34. Qf1 {[%clk 0:01:29]} Nc4
{[%clk 0:01:48]} 35. Qd1 {[%clk 0:01:06]} Nb6 {[%clk 0:01:55]} 36. Qd3
{[%clk 0:01:14]} Nc4 {[%clk 0:01:59]} 37. Kg2 {[%clk 0:01:05]} Kg8
{[%clk 0:02:08]} 38. Qd1 {[%clk 0:01:05]} Nb6 {[%clk 0:02:14]} 39. Qf1
{[%clk 0:01:14]} Nc4 {[%clk 0:02:22]} 40. Qd1 {[%clk 0:01:23]} Nb6
{[%clk 0:02:31]} 41. Qd3 {[%clk 0:01:33]} Nc4 {[%clk 0:02:40]} 42. h5
{[%clk 0:00:59]} h6 {[%clk 0:02:38]} 43. Qd1 {[%clk 0:01:08]} Nb6
{[%clk 0:02:22]} 44. Qf1 {[%clk 0:01:17]} Nc4 {[%clk 0:02:30]} 45. Qd1
{[%clk 0:01:26]} Nb6 {[%clk 0:02:38]} 46. Qg4 {[%clk 0:01:12]} Kh7
{[%clk 0:02:42]} 47. Qf3 {[%clk 0:01:21]} Kg8 {[%clk 0:02:49]} 48. Qd1
{[%clk 0:01:14]} Kh8 {[%clk 0:02:49]} 49. Qf1 {[%clk 0:00:40]} Nc4
{[%clk 0:02:58]} 50. Qd1 {[%clk 0:00:47]} Nb6 {[%clk 0:03:07]} 51. Qg4
{[%clk 0:00:35]} Kh7 {[%clk 0:03:09]} 52. Qf3 {[%clk 0:00:39]} Kg8
{[%clk 0:03:18]} 53. Qg4 {[%clk 0:00:33]} Kh7 {[%clk 0:03:26]} 54. Qd1
{[%clk 0:00:42]} Kg8 {[%clk 0:03:31]} 55. Ra1 {[%clk 0:00:51]} a5
{[%clk 0:03:26]} 56. bxa5 {[%clk 0:00:41]} Nxa5 {[%clk 0:03:34]} 57. Rb1
{[%clk 0:00:30]} Qc6 {[%clk 0:03:34]} 58. Qg4 {[%clk 0:00:40]} e5
{[%clk 0:03:20]} 59. Bxe5 {[%clk 0:00:20]} Rxe5 {[%clk 0:03:25]} 60. Rxb6
{[%clk 0:00:19]} Qxb6 {[%clk 0:03:12]} 61. Qc8+ {[%clk 0:00:28]} Kh7
{[%clk 0:03:13]} 62. Nd7 {[%clk 0:00:20]} Qc6 {[%clk 0:02:54]} 63. Qxc6
{[%clk 0:00:18]} Nxc6 {[%clk 0:03:02]} 64. Nxe5 {[%clk 0:00:27]} Nd8
{[%clk 0:03:07]} 65. Nd3 {[%clk 0:00:25]} Ne6 {[%clk 0:03:05]} 66. Nb4
{[%clk 0:00:26]} Nc7 {[%clk 0:03:14]} 67. Kf3 {[%clk 0:00:34]} Kg8
{[%clk 0:03:18]} 68. Kf4 {[%clk 0:00:38]} f6 {[%clk 0:03:26]} 69. Kf5
{[%clk 0:00:38]} Kf7 {[%clk 0:03:34]} 70. g4 {[%clk 0:00:37]} Ke7
{[%clk 0:03:16]} 71. Kg6 {[%clk 0:00:37]} Kf8 {[%clk 0:03:25]} 72. f4
{[%clk 0:00:32]} Kg8 {[%clk 0:03:26]} 73. g5 {[%clk 0:00:26]} fxg5
{[%clk 0:03:07]} 74. fxg5 {[%clk 0:00:34]} hxg5 {[%clk 0:03:16]} 75. Kxg5 Kh7 76.
Kf5 {[%clk 0:00:22]} Kh6 {[%clk 0:03:33]} 77. Ke5 {[%clk 0:00:27]} Kxh5
{[%clk 0:03:42]} 78. Nxd5 {[%clk 0:00:22]} Nb5 {[%clk 0:01:51]} 79. c4
{[%clk 0:00:29]} Na7 {[%clk 0:01:56]} 80. Ne3 {[%clk 0:00:22]} Nc6+
{[%clk 0:01:59]} 81. Ke4 {[%clk 0:00:31]} Kg6 {[%clk 0:02:01]} 82. d5
{[%clk 0:00:39]} Na5 {[%clk 0:02:06]} 83. d6 {[%clk 0:00:30]} Kf7
{[%clk 0:02:08]} 84. Kd5 {[%clk 0:00:39]} Ke8 {[%clk 0:02:14]} 85. c5
{[%clk 0:00:44]} Kd7 {[%clk 0:02:18]} 86. Nc4 {[%clk 0:00:48]} Nb3
{[%clk 0:02:01]} 87. c6+ {[%clk 0:00:57]} 1-0